Bordering Serbia on a Map Quiz Stats

 Plays Quiz Updated Jun 16, 2017

Challenge
Share
Tweet
Score 0/8 Timer 02:00
5 Plays Today
% Correct
Kosovo
91.7%
Croatia
90.7%
Romania
90.1%
Montenegro
90%
Macedonia
89%
Bosnia
and
Herzegovina
88.6%
Bulgaria
86.9%
Hungary
85.6%

You're not logged in!

Compare scores with friends on all Sporcle quizzes.
Join for Free
OR
Log In

You Might Also Like...

Show Comments

Extras

Top Quizzes Today


Score Distribution

Your Account Isn't Verified!

In order to create a playlist on Sporcle, you need to verify the email address you used during registration. Go to your Sporcle Settings to finish the process.

Report this User

Report this user for behavior that violates our Community Guidelines.

Details: